| 000 | nam a22 a 4500 | ||
|---|---|---|---|
| 999 |
_c14658 _d14658 |
||
| 003 | BLK | ||
| 005 | 20230301172347.0 | ||
| 008 | 180412b bul|||||r ||||||| ||bul|| | ||
| 010 | _aKNG00016376000 | ||
| 040 | _aBLK | ||
| 041 |
_aBUL _cBUL |
||
| 080 |
_aОснови на математиката в основното образование _b372.47 _x(075.2) _z372.47(075.2) |
||
| 100 | 1 |
_aРайнова, Пенка Георгиева _eпърви автор _9363367 |
|
| 139 |
_aРайнова, Пенка Георгиева и др. _bР 28 |
||
| 245 | 1 | 0 |
_aСборник от задачи по математика за ІІІ и ІV клас _cПенка Георгиева Райнова; съавт. Тодорка Сотирова; съавт. Гинка Тодорова Иванова. |
| 257 | _aBGR | ||
| 260 |
_aСофия _bСлов-Д _c1992 |
||
| 300 |
_a96 с. _bс черт., табл. _c22 см |
||
| 380 | _a3 | ||
| 500 | _aАвт. не са отбелязани на кор. - 50 000 тир. | ||
| 650 | 4 |
_aМатематика - задачи - учебни помагала _9241584 |
|
| 650 | 4 |
_aМатематика - задачи - учебници за начални училища _9259477 |
|
| 653 | _aзадачи | ||
| 653 | _aматематика | ||
| 653 | _aІІІ кл. - ІV кл. | ||
| 653 | _aучебни помагала | ||
| 700 | 1 |
_aСотирова, Тодорка _eсъавт. _9363527 |
|
| 700 | 1 |
_aИванова, Гинка Тодорова _eсъавт. _9259476 |
|
| 852 | _aЦб 169541 | ||
| 856 | 4 |
_qpdf _u _i0.00 _ldisable |
|
| 856 | 4 |
_qpdf _u _i0.00 _ldisable |
|
| 942 |
_cKNG _n0 _02 _s1 |
||
| 944 |
_aCR _c15.01.2003 _lф / _kAB_DOS |
||
| 944 |
_aED _c21.02.2017 _lф / _kВася_Ганчева |
||
| 999 | _d14658 | ||